000 00538nam a2200205 a 4500
001 19271
003 CO-ViMGA
008 141112s2004 ck r 000 u spa d
020 _a8420635464
040 _aCO-ViMGA
_bspa
_cCO-ViMGA
082 0 4 _a833.6 G637p
100 1 _aGoethe, Johann Wolfgang
_94543
245 1 0 _aPenas del joven Werther
260 _aMadrid :
_bAlianza; 2002
300 _a157 p.
490 _aLiteratura
590 _aForma de adquisición : Premio Mincultura
650 1 4 _aNOVELA ALEMANA
_92669
942 _2ddc
_cBK
999 _c28430
_d28430